Statistics for Horror Movie Killers

Click here to take the quiz!

General Stats

  • This quiz has been taken 670 times
    (86 since last reset)
  • The average score is 20 of 45

Answer Stats

MovieKiller% Correct
The Texas Chainsaw MassacreLeatherface
95%
ScreamBilly Loomis
88%
HalloweenMichael Myers
88%
Childs PlayChucky
84%
A Nightmare on Elm StreetFreddy Krueger
84%
ScreamStu Macher
84%
ITPennywise
81%
Scream 5Amber Freeman
74%
Scream 5Richie Kirsch
71%
Scream 4Jill Roberts
70%
Scream 2Mickey Altieri
70%
Scream 3Roman Bridger
70%
Scream 4Charlie Walker
68%
SawJigsaw
68%
Scream 6Quinn Bailey
68%
Scream 6Ethan Landry
67%
Scream 2Nancy Loomis
67%
Scream 6Detective Bailey
66%
Friday the 13thJason Voorhees
66%
HellraiserPinhead
62%
CandymanCandyman
53%
The Silence of the LambsHannibal Lecter
53%
PsychoNorman Bates
49%
Friday the 13thPamela Voorhees
34%
American PsychoPatrick Bateman
33%
The OmenDamien
32%
Final DestinationDeath
30%
The ShiningJack Torrance
30%
Jeepers CreepersThe Creeper
23%
The Silence of the LambsBuffalo Bill
Jame Gumb
21%
MiseryAnnie Wilkes
18%
XPearl
18%
The ExorcistPazuzu
Regan MacNeil
15%
I Know what you did Last SummerThe Fisherman
12%
The RingSamara Morgan
11%
Sleepaway CampAngela Baker
10%
Black ChristmasBilly Lenz
5%
It FollowsThe Entity
4%
SplitKevin Wendell Crumb
3%
Get OutThe Armitage Family
3%
Don't BreatheThe Blind Man
3%
Silent Night, Deadly NightBilly Chapman
1%
Red Dragon
The Tooth Fairy
Francis Dolarhyde
0%
BarbarianFrank
0%
My Bloody ValentineMining man
0%

Score Distribution

Percentile by Number Answered

Percent of People with Each Score

Your Score History

You have not taken this quiz since the last reset